000 00775nam a22002057a 4500
999 _c7992
_d7992
003 AR-CdUCM
008 190321b ||||| |||| 00| 0 spa d
040 _aMUNICIPALIDAD PROVINCIAL DEL CUSCO
_cBIBLIOTECA MUNICIPAL DEL CUSCO
082 _a512.7 /
_bM79
100 _aMorris, Max
_922577
245 _aEcuaciones diferenciales /
260 _aMadrid :
_bAguilar,
_c1964.
300 _a327 paginas :
_c21 cm.
505 _aContenido :Variables separadas -- Soluciones singulares -- Ecuaciones homogéneas con coeficientes constantes -- Método de Picard -- Ecuaciones de primer orden ...
650 _aEcuaciones diferenciales
_921061
650 _aMatemática avanzada
_922578
700 _aPorcel Moleon. Julio (traductor)
_922579
942 _2ddc
_cLIBROS
945 _arum